| 000 | 00344cam a2200133ua 4500 | ||
|---|---|---|---|
| 041 |
_amal _h |
||
| 082 |
_a894.812 308 _bSIV/PA |
||
| 100 | _aSivasankara Pillai, Thakazhi. | ||
| 245 |
_aPappiyammayum makkalum , Part 1 / _cThakazhi Sivasankara Pillai. _hTextual Documents |
||
| 300 | _a109 ; . | ||
| 504 | _a | ||
| 942 | _cBK | ||
| 999 |
_c7233 _d7233 |
||